The Canadian Entomologist (Record no. 8968)

MARC details
000 -LEADER
fixed length control field 00377nam a2200133Ia 4500
022 ## - INTERNATIONAL STANDARD SERIAL NUMBER
ISSN 0008-347X
245 #4 - TITLE STATEMENT
Title The Canadian Entomologist
260 ## - PUBLICATION, DISTRIBUTION, ETC. (IMPRINT)
Name of publisher The Entomological Society of Canada, Ottawa
Place of publication Canada
310 ## - CURRENT PUBLICATION FREQUENCY
Current publication frequency M
500 ## - GENERAL NOTE
General note Ending Volume & Year: 119, 1987
500 ## - GENERAL NOTE
General note Starting Volume & Year: 110, 1978
942 ## - ADDED ENTRY ELEMENTS (KOHA)
Koha item type Bound Journal
Holdings
Withdrawn status Lost status Damaged status Not for loan Home library Current library Date acquired Accession Number Koha item type
      Bound journals RRII Library RRII Library 31/12/2021 08928J Bound Journal